[Event "IX IBCA World Team Ch. for the Blind an"]
[Site "Ohrid, North Macedonia"]
[Date "2022.06.28"]
[Round "1.4"]
[White "Patev, Petko"]
[Black "Szilagyi, Samuel Attila"]
[Result "1/2-1/2"]
[WhiteElo "1792"]
[BlackElo "1935"]
[PlyCount "58"]
[EventDate "2022.06.28"]
[EventType "team"]
[EventRounds "7"]
[EventCountry "MKD"]
[WhiteTeam "Bulgaria"]
[BlackTeam "Hungary"]
[WhiteTeamCountry "BUL"]
[BlackTeamCountry "HUN"]

1. e4 e5 2. Nf3 Nf6 3. Bc4 Bc5 4. O-O Nc6 5. d3 d6 6. c3 h6 7. h3 O-O 8. Re1 a6
9. Bb3 Qe7 10. Bc2 Nh5 11. d4 Ba7 12. Be3 Qf6 13. dxe5 dxe5 14. Bxa7 Rxa7 15.
Re3 Nf4 16. Kh2 Qg6 17. Qg1 Be6 18. Nfd2 Raa8 19. Rg3 Qf6 20. Nc4 Rad8 21. Ne3
Kh7 22. Rf3 Qh4 23. Nf5 Qh5 24. Re3 g6 25. Ng3 Qg5 26. b3 h5 27. Ne2 h4 28.
Nxf4 exf4 29. Re1 Ne5 1/2-1/2

[Event "IX IBCA World Team Ch. for the Blind an"]
[Site "Ohrid, North Macedonia"]
[Date "2022.06.29"]
[Round "2.1"]
[White "Ymeri, Rinor"]
[Black "Nizam, Rasim"]
[Result "0-1"]
[WhiteElo "1603"]
[BlackElo "2168"]
[PlyCount "66"]
[EventDate "2022.06.28"]
[EventType "team"]
[EventRounds "7"]
[EventCountry "MKD"]
[WhiteTeam "Kosovo"]
[BlackTeam "Bulgaria"]
[WhiteTeamCountry "KOS"]
[BlackTeamCountry "BUL"]

1. d4 Nf6 2. c4 e6 3. Nf3 d5 4. Nc3 Be7 5. Bg5 O-O 6. e3 c6 7. Bd3 Nbd7 8. O-O
dxc4 9. Bxc4 b5 10. Bd3 Bb7 11. a3 a6 12. Re1 h6 13. Bh4 c5 14. dxc5 Nxc5 15.
Be2 Qb6 16. Qc2 Rac8 17. Rac1 Nce4 18. Nd2 Nxc3 19. bxc3 Bxa3 20. Rb1 Be7 21.
Bf3 Bxf3 22. Nxf3 Rc4 23. Red1 Rfc8 24. Rd3 Qc7 25. Bg3 Rxc3 26. Rxc3 Qxc3 27.
Qxc3 Rxc3 28. Be5 Rc8 29. g3 Nd5 30. Nd4 f6 31. Bxf6 Bxf6 32. Nxe6 Rc6 33. e4
Nc3 0-1

[Event "IX IBCA World Team Ch. for the Blind an"]
[Site "Ohrid, North Macedonia"]
[Date "2022.06.29"]
[Round "2.2"]
[White "Ivanov, Ljubomir"]
[Black "Gashi, Gani"]
[Result "0-1"]
[WhiteElo "1792"]
[BlackElo "1738"]
[PlyCount "88"]
[EventDate "2022.06.28"]
[EventType "team"]
[EventRounds "7"]
[EventCountry "MKD"]
[WhiteTeam "Bulgaria"]
[BlackTeam "Kosovo"]
[WhiteTeamCountry "BUL"]
[BlackTeamCountry "KOS"]

1. d4 d5 2. c4 c6 3. Nf3 c5 4. cxd5 Qxd5 5. Nc3 Qd8 6. g3 Nc6 7. Be3 Nf6 8.
dxc5 Qa5 9. Qa4 Qxa4 10. Nxa4 Nd5 11. Bd2 Bd7 12. e4 Nf6 13. Bd3 O-O-O 14. Rc1
Nd4 15. Nxd4 Bxa4 16. Be3 e5 17. c6 exd4 18. cxb7+ Kxb7 19. Bf4 Bc6 20. f3 Bb4+
21. Ke2 h6 22. a3 Bd6 23. Bd2 Rhe8 24. b4 Rc8 25. Kf2 g5 26. Rhe1 Bc7 27. Ba6+
Kxa6 28. Rxc6+ Bb6 29. Rxf6 d3+ 30. Kf1 Rc2 31. Rd1 Kb5 32. Rxh6 Rec8 33. Rd6
Rd8 34. Rxd8 Bxd8 35. Be3 Kc4 36. Bxa7 Bf6 37. Be3 Rxh2 38. b5 Rh1+ 39. Bg1 Bd4
40. Rc1+ Kb3 41. Kg2 Rxg1+ 42. Rxg1 Bxg1 43. Kf1 Bb6 44. Ke1 Kc2 0-1

[Event "IX IBCA World Team Ch. for the Blind an"]
[Site "Ohrid, North Macedonia"]
[Date "2022.06.29"]
[Round "2.3"]
[White "Berisha, Xhafer"]
[Black "Georgiev, Todor St."]
[Result "1-0"]
[WhiteElo "1440"]
[BlackElo "1795"]
[PlyCount "55"]
[EventDate "2022.06.28"]
[EventType "team"]
[EventRounds "7"]
[EventCountry "MKD"]
[WhiteTeam "Kosovo"]
[BlackTeam "Bulgaria"]
[WhiteTeamCountry "KOS"]
[BlackTeamCountry "BUL"]

1. e4 c5 2. Bc4 e6 3. c3 Nc6 4. Nf3 Nf6 5. e5 Nd5 6. d4 d6 7. Bxd5 exd5 8. Bf4
Bg4 9. Nbd2 cxd4 10. Qb3 dxc3 11. Qxb7 cxd2+ 12. Nxd2 Bd7 13. O-O dxe5 14. Rfe1
Bd6 15. Nf3 f6 16. Qb3 Be6 17. Qb7 Ne7 18. Bxe5 fxe5 19. Nxe5 Bxe5 20. Rxe5 Rb8
21. Qxa7 Rb6 22. Rae1 Kf7 23. f4 Qb8 24. Rf5+ Kg6 25. Qxe7 Bxf5 26. Qg5+ Kf7
27. Re7+ Kf8 28. Qxg7# 1-0

[Event "IX IBCA World Team Ch. for the Blind an"]
[Site "Ohrid, North Macedonia"]
[Date "2022.06.29"]
[Round "2.4"]
[White "Patev, Petko"]
[Black "Kastrati, Shaip"]
[Result "1-0"]
[WhiteElo "1792"]
[BlackElo "1475"]
[PlyCount "45"]
[EventDate "2022.06.28"]
[EventType "team"]
[EventRounds "7"]
[EventCountry "MKD"]
[WhiteTeam "Bulgaria"]
[BlackTeam "Kosovo"]
[WhiteTeamCountry "BUL"]
[BlackTeamCountry "KOS"]

1. e4 e5 2. Nf3 Nc6 3. Bc4 Nf6 4. Ng5 d5 5. exd5 Nxd5 6. d3 Be7 7. Nf3 O-O 8.
h3 h6 9. O-O Be6 10. Nbd2 Qd7 11. Re1 Nf4 12. Bxe6 Qxe6 13. Nc4 Ng6 14. Qe2 Bd6
15. d4 f6 16. Qd3 Qf7 17. Nxd6 cxd6 18. c3 Rad8 19. d5 Nce7 20. c4 f5 21. Qa3
a6 22. Bd2 f4 23. Ba5 1-0

[Event "IX IBCA World Team Ch. for the Blind an"]
[Site "Ohrid, North Macedonia"]
[Date "2022.06.29"]
[Round "2.1"]
[White "Znuderl, Matej"]
[Black "Zambo, Zoltan Istvan"]
[Result "0-1"]
[WhiteElo "1879"]
[BlackElo "2326"]
[PlyCount "60"]
[EventDate "2022.06.28"]
[EventType "team"]
[EventRounds "7"]
[EventCountry "MKD"]
[WhiteTeam "Slovenia"]
[BlackTeam "Hungary"]
[WhiteTeamCountry "SLO"]
[BlackTeamCountry "HUN"]

1. c4 c5 2. g3 g6 3. Bg2 Bg7 4. Nc3 Nc6 5. Nf3 e6 6. O-O Nge7 7. a3 d5 8. d3
O-O 9. Rb1 b6 10. Bg5 h6 11. Bd2 Bb7 12. b4 cxb4 13. axb4 dxc4 14. dxc4 Nd4 15.
Nxd4 Bxg2 16. Nxe6 fxe6 17. Kxg2 Qd4 18. c5 Rad8 19. Qb3 Qxd2 20. Qxe6+ Kh8 21.
Qxe7 Qxc3 22. cxb6 axb6 23. Rbc1 Qd4 24. Rc7 Rde8 25. Qd7 Rxe2 26. Qxd4 Bxd4
27. Rd1 Rfxf2+ 28. Kh3 h5 29. Rh1 g5 30. Rd7 Bf6 0-1

[Event "IX IBCA World Team Ch. for the Blind an"]
[Site "Ohrid, North Macedonia"]
[Date "2022.06.29"]
[Round "2.2"]
[White "Gyorkos, Lajos"]
[Black "Muri, Emil"]
[Result "1-0"]
[WhiteElo "2254"]
[BlackElo "1782"]
[PlyCount "71"]
[EventDate "2022.06.28"]
[EventType "team"]
[EventRounds "7"]
[EventCountry "MKD"]
[WhiteTeam "Hungary"]
[BlackTeam "Slovenia"]
[WhiteTeamCountry "HUN"]
[BlackTeamCountry "SLO"]

1. Nf3 Nf6 2. g3 g6 3. Bg2 Bg7 4. O-O O-O 5. c4 d6 6. d4 Nc6 7. Nc3 Bf5 8. d5
Ne5 9. Nd4 Bd7 10. b3 c5 11. dxc6 Nxc6 12. Bb2 Ne4 13. e3 Nc5 14. Qd2 Ne6 15.
Nde2 Rb8 16. Rac1 h5 17. Nd5 Bxb2 18. Qxb2 Ng5 19. f4 Nh7 20. e4 e6 21. Ne3 Qb6
22. Qd2 Ne7 23. Kh1 Bc6 24. Nc3 Qd8 25. Rfd1 f5 26. exf5 Nxf5 27. Nxf5 Bxg2+
28. Qxg2 Rxf5 29. Nb5 Nf6 30. Nd4 Ng4 31. Qe2 Rf6 32. h3 Nh6 33. Nf3 Nf5 34.
Kh2 Ng7 35. Rd3 Ra8 36. Qe3 1-0

[Event "IX IBCA World Team Ch. for the Blind an"]
[Site "Ohrid, North Macedonia"]
[Date "2022.06.29"]
[Round "2.3"]
[White "Stimec, Marjan"]
[Black "Kovacs, Apollo"]
[Result "1-0"]
[WhiteElo "1787"]
[BlackElo "2105"]
[PlyCount "89"]
[EventDate "2022.06.28"]
[EventType "team"]
[EventRounds "7"]
[EventCountry "MKD"]
[WhiteTeam "Slovenia"]
[BlackTeam "Hungary"]
[WhiteTeamCountry "SLO"]
[BlackTeamCountry "HUN"]

1. e4 e6 2. d4 d5 3. Nc3 Nf6 4. exd5 exd5 5. a3 Be6 6. Bg5 Be7 7. Nf3 c6 8. Bd3
Nbd7 9. O-O h6 10. Bd2 Qc7 11. Ne2 Nh5 12. Ng3 Nxg3 13. fxg3 Bd6 14. Qe2 O-O-O
15. Rae1 Rde8 16. Qf2 Qb6 17. b4 g5 18. c3 Re7 19. Re2 Rhe8 20. Rfe1 Nf6 21. a4
Bd7 22. Rxe7 Rxe7 23. Rxe7 Bxe7 24. Ne5 Be6 25. Qe2 Bd6 26. a5 Qc7 27. Nf3 Bg4
28. Qe3 Kd8 29. Ne5 Bc8 30. h3 a6 31. g4 Bxe5 32. dxe5 Nd7 33. e6 fxe6 34. Qxe6
Ne5 35. Qg8+ Ke7 36. Qg7+ Kd6 37. Qf6+ Be6 38. Bf5 Qe7 39. Qxh6 Nf7 40. Qg6 Ke5
41. Be3 Qd7 42. Qg7+ Kd6 43. Bc5+ Kc7 44. Qf8 Bxf5 45. Bb6# 1-0

[Event "IX IBCA World Team Ch. for the Blind an"]
[Site "Ohrid, North Macedonia"]
[Date "2022.06.29"]
[Round "2.4"]
[White "Vilics, Hanna"]
[Black "Cizman, Gregor"]
[Result "1/2-1/2"]
[WhiteElo "1663"]
[BlackElo "1522"]
[PlyCount "87"]
[EventDate "2022.06.28"]
[EventType "team"]
[EventRounds "7"]
[EventCountry "MKD"]
[WhiteTeam "Hungary"]
[BlackTeam "Slovenia"]
[WhiteTeamCountry "HUN"]
[BlackTeamCountry "SLO"]

1. d4 Nf6 2. Nf3 d5 3. g3 c6 4. Bg2 h6 5. O-O Bf5 6. c4 e6 7. Nc3 Bd6 8. b3
Nbd7 9. Bb2 O-O 10. Re1 Re8 11. Nd2 Rc8 12. e4 dxe4 13. Ndxe4 Be7 14. Qd2 Qa5
15. a3 Nxe4 16. Nxe4 Qxd2 17. Nxd2 Nf6 18. Rad1 Kf8 19. Nf3 Rcd8 20. b4 Be4 21.
Ne5 Bxg2 22. Kxg2 Bd6 23. f4 Nd7 24. Kf3 g6 25. Ke3 Nxe5 26. fxe5 Bc7 27. Rd3
Rd7 28. a4 a6 29. Red1 Red8 30. Ke4 Ke7 31. Rf1 Ke8 32. g4 Kf8 33. Bc1 Kg7 34.
Rff3 Bb6 35. Bb2 Rc8 36. Rf1 Bd8 37. Rdf3 Rcc7 38. Bc1 Rc8 39. a5 Rb8 40. c5
Bh4 41. Be3 Rbd8 42. Rd1 Rh8 43. Rdf1 Rhd8 44. Rd1 1/2-1/2

[Event "IX IBCA World Team Ch. for the Blind an"]
[Site "Ohrid, North Macedonia"]
[Date "2022.06.29"]
[Round "2.1"]
[White "Thevenet, Yann"]
[Black "Kolpakov, Vladyslav"]
[Result "0-1"]
[WhiteElo "1983"]
[BlackElo "2258"]
[PlyCount "72"]
[EventDate "2022.06.28"]
[EventType "team"]
[EventRounds "7"]
[EventCountry "MKD"]
[WhiteTeam "France"]
[BlackTeam "Ukraine"]
[WhiteTeamCountry "FRA"]
[BlackTeamCountry "UKR"]

1. e4 c5 2. b3 g6 3. Bb2 Nf6 4. g4 Bg7 5. g5 Nh5 6. Bxg7 Nxg7 7. Nc3 Nc6 8. Nf3
d6 9. Nd5 h6 10. h4 Be6 11. c3 Qd7 12. Bb5 Rd8 13. d4 a6 14. Bxc6 Qxc6 15. gxh6
Rxh6 16. Qd2 Rh5 17. c4 Kf8 18. Ng5 Bxd5 19. cxd5 Qd7 20. Qf4 e6 21. dxe6 Nxe6
22. Nxe6+ Qxe6 23. O-O-O c4 24. d5 Qe7 25. Kb2 cxb3 26. axb3 Kg7 27. Rc1 Rdh8
28. f3 Rxh4 29. Rxh4 Rxh4 30. Qg3 Qf6+ 31. Rc3 Rh1 32. f4 Qd4 33. Qe3 Qxe3 34.
Rxe3 Rf1 35. e5 Rxf4 36. exd6 Rf6 0-1

[Event "IX IBCA World Team Ch. for the Blind an"]
[Site "Ohrid, North Macedonia"]
[Date "2022.06.29"]
[Round "2.2"]
[White "Shepelev, Igor"]
[Black "Deville, Olivier"]
[Result "1-0"]
[WhiteElo "2090"]
[BlackElo "1752"]
[PlyCount "71"]
[EventDate "2022.06.28"]
[EventType "team"]
[EventRounds "7"]
[EventCountry "MKD"]
[WhiteTeam "Ukraine"]
[BlackTeam "France"]
[WhiteTeamCountry "UKR"]
[BlackTeamCountry "FRA"]

1. d4 Nf6 2. c4 e6 3. Nf3 Bb4+ 4. Nbd2 b6 5. g3 Bb7 6. Bg2 O-O 7. O-O Bxd2 8.
Bxd2 d6 9. b4 Nbd7 10. Bc3 Qe7 11. Qc2 Be4 12. Qb2 c5 13. dxc5 bxc5 14. b5 Nb6
15. Bxf6 Qxf6 16. Qxf6 gxf6 17. Rfc1 Na4 18. Nd2 Bxg2 19. Kxg2 Rfd8 20. Rab1
Kf8 21. Rb3 Ke7 22. Ra3 Nb6 23. Ra6 Nd7 24. Rc3 Rdb8 25. Rca3 Rb7 26. Nb3 Nb8
27. R6a4 Kd7 28. e4 Kc7 29. Na5 Rb6 30. g4 d5 31. exd5 exd5 32. cxd5 Rxb5 33.
Nc4 a6 34. Rh3 Ra7 35. Rxh7 Kd8 36. Nd6 1-0

[Event "IX IBCA World Team Ch. for the Blind an"]
[Site "Ohrid, North Macedonia"]
[Date "2022.06.29"]
[Round "2.3"]
[White "Ambrosino, Theo"]
[Black "Zsiltzova-Lisenko, Lubov"]
[Result "0-1"]
[WhiteElo "1628"]
[BlackElo "2165"]
[PlyCount "108"]
[EventDate "2022.06.28"]
[EventType "team"]
[EventRounds "7"]
[EventCountry "MKD"]
[WhiteTeam "France"]
[BlackTeam "Ukraine"]
[WhiteTeamCountry "FRA"]
[BlackTeamCountry "UKR"]

1. c4 c5 2. Nc3 Nc6 3. g3 g6 4. Bg2 Bg7 5. e3 e5 6. Nge2 Nge7 7. O-O O-O 8. a3
d6 9. d3 Be6 10. Nd5 Qd7 11. Re1 Bg4 12. f3 Bh3 13. Nec3 Bxg2 14. Kxg2 f5 15.
e4 Nd4 16. Nxe7+ Qxe7 17. Nd5 Qd7 18. b4 b5 19. bxc5 bxc4 20. cxd6 fxe4 21.
fxe4 cxd3 22. Qxd3 Qxd6 23. Rb1 Rac8 24. Rb2 Rf3 25. Be3 Bh6 26. a4 Bxe3 27.
Rxe3 Rf7 28. Ra2 Kg7 29. Rd2 Qd7 30. Nc3 Qg4 31. Nd5 h5 32. a5 h4 33. h3 Qe6
34. gxh4 Rh8 35. Rg3 Rxh4 36. Rb2 Qc6 37. a6 Qa4 38. Rb7 Qa1 39. Rxf7+ Kxf7 40.
Kh2 Qe1 41. Rg2 Qxe4 42. Rf2+ Nf5 43. Qb3 Qc4 44. Qb7+ Ke6 45. Nc7+ Ke7 46.
Nb5+ Kf6 47. Nc7 Qd4 48. Qc6+ Ke7 49. Qe6+ Kd8 50. Qf6+ Kc8 51. Qe6+ Qd7 52.
Qg8+ Kxc7 53. Rc2+ Kd6 54. Rd2+ Rd4 0-1

[Event "IX IBCA World Team Ch. for the Blind an"]
[Site "Ohrid, North Macedonia"]
[Date "2022.06.29"]
[Round "2.4"]
[White "Yatsishin, Ivan"]
[Black "Meyer, Eric"]
[Result "1-0"]
[WhiteElo "2029"]
[BlackElo "1625"]
[PlyCount "121"]
[EventDate "2022.06.28"]
[EventType "team"]
[EventRounds "7"]
[EventCountry "MKD"]
[WhiteTeam "Ukraine"]
[BlackTeam "France"]
[WhiteTeamCountry "UKR"]
[BlackTeamCountry "FRA"]

1. e4 c5 2. Nf3 d6 3. d4 cxd4 4. Nxd4 Nf6 5. Nc3 a6 6. Be3 e5 7. Nb3 Be7 8. f3
Be6 9. Qd2 Nbd7 10. g4 Nb6 11. g5 Nfd7 12. O-O-O Rc8 13. Kb1 Nc4 14. Bxc4 Bxc4
15. h4 b5 16. Nd5 Bxd5 17. Qxd5 Qc7 18. Rh2 Nb6 19. Bxb6 Qxb6 20. Rg2 Qc6 21.
Nc1 Qxd5 22. Rxd5 Kd7 23. Nd3 Ke6 24. f4 exf4 25. Nxf4+ Kd7 26. c3 Rc4 27. Re2
Re8 28. Rf5 f6 29. Nd5 Ke6 30. b3 Rc5 31. Ref2 fxg5 32. hxg5 Bd8 33. Rf7 Bf6
34. Ra7 Bxc3 35. Nc7+ Rxc7 36. Rxc7 Bd4 37. Rh2 h6 38. gxh6 gxh6 39. Rxh6+ Ke5
40. Rh4 Bc5 41. Rg7 Rc8 42. Rg5+ Kf6 43. Rf5+ Ke6 44. Rh6+ Ke7 45. Rh7+ Ke6 46.
a4 bxa4 47. bxa4 a5 48. Kc2 Bb4+ 49. Kd3 Rc3+ 50. Kd4 Rc5 51. Rh6+ Kd7 52. Rxc5
Bxc5+ 53. Kd5 Bb4 54. Rh7+ Kd8 55. Kc6 Ke8 56. Rb7 Kd8 57. Rd7+ Ke8 58. Rxd6
Bxd6 59. Kxd6 Kd8 60. e5 Ke8 61. Ke6 1-0

[Event "IX IBCA World Team Ch. for the Blind an"]
[Site "Ohrid, North Macedonia"]
[Date "2022.06.29"]
[Round "2.1"]
[White "Tazbir, Marcin"]
[Black "Bratu, Gheorghe"]
[Result "1-0"]
[WhiteElo "2506"]
[BlackElo "1702"]
[PlyCount "55"]
[EventDate "2022.06.28"]
[EventType "team"]
[EventRounds "7"]
[EventCountry "MKD"]
[WhiteTeam "Poland"]
[BlackTeam "Romania"]
[WhiteTeamCountry "POL"]
[BlackTeamCountry "ROU"]

1. g3 d5 2. Bg2 c6 3. d3 Nf6 4. Nf3 Bg4 5. Nbd2 e6 6. h3 Bxf3 7. Nxf3 Nbd7 8.
O-O Bc5 9. b3 O-O 10. Bb2 a5 11. a3 Re8 12. Qe1 Qc7 13. Kh2 Rad8 14. e4 dxe4
15. dxe4 e5 16. Qe2 Bf8 17. Rfd1 Nc5 18. Rxd8 Qxd8 19. Nxe5 Qe7 20. Rd1 Kh8 21.
f3 Nfd7 22. Nc4 Qe6 23. Nxa5 f5 24. b4 Na4 25. Ba1 b5 26. Qd3 Ndb6 27. exf5 Qd5
28. Qxd5 1-0

[Event "IX IBCA World Team Ch. for the Blind an"]
[Site "Ohrid, North Macedonia"]
[Date "2022.06.29"]
[Round "2.2"]
[White "Dima, Mihai"]
[Black "Stachanczyk, Jacek"]
[Result "0-1"]
[WhiteElo "1981"]
[BlackElo "2194"]
[PlyCount "98"]
[EventDate "2022.06.28"]
[EventType "team"]
[EventRounds "7"]
[EventCountry "MKD"]
[WhiteTeam "Romania"]
[BlackTeam "Poland"]
[WhiteTeamCountry "ROU"]
[BlackTeamCountry "POL"]

1. e4 c5 2. Nf3 d6 3. d4 cxd4 4. Nxd4 Nf6 5. Nc3 Nc6 6. Bg5 e6 7. Qd2 a6 8.
O-O-O Bd7 9. f4 b5 10. Nxc6 Bxc6 11. e5 dxe5 12. Qxd8+ Rxd8 13. Rxd8+ Kxd8 14.
fxe5 h6 15. Bxf6+ gxf6 16. exf6 Rg8 17. Bd3 Bxg2 18. Rd1 Kc7 19. Ne4 Rg4 20.
Rg1 h5 21. Ng3 Bh6+ 22. Kb1 Bd5 23. Be2 Rh4 24. Bxh5 e5 25. Be2 Rxh2 26. Bd3
Rg2 27. Rxg2 Bxg2 28. Ne4 Kc6 29. a4 b4 30. c4 a5 31. Kc2 Be3 32. b3 Kd7 33. c5
Bxe4 34. Bxe4 Ke6 35. c6 Bb6 36. Kd3 Kxf6 37. Kc4 Ke6 38. Bd5+ Ke7 39. Be4 Kd6
40. Kb5 Bc7 41. Kc4 f6 42. Kb5 Ke6 43. Ka6 f5 44. Bg2 e4 45. Kb7 Bd6 46. c7
Bxc7 47. Kxc7 Ke5 48. Kb6 f4 49. Kxa5 f3 0-1

[Event "IX IBCA World Team Ch. for the Blind an"]
[Site "Ohrid, North Macedonia"]
[Date "2022.06.29"]
[Round "2.3"]
[White "Dukaczewski, Piotr"]
[Black "Pirosca, Alexandru"]
[Result "1-0"]
[WhiteElo "2194"]
[BlackElo "1888"]
[PlyCount "85"]
[EventDate "2022.06.28"]
[EventType "team"]
[EventRounds "7"]
[EventCountry "MKD"]
[WhiteTeam "Poland"]
[BlackTeam "Romania"]
[WhiteTeamCountry "POL"]
[BlackTeamCountry "ROU"]

1. e4 c5 2. Nf3 Nc6 3. Bb5 g6 4. O-O Bg7 5. c3 Nf6 6. Re1 O-O 7. h3 a6 8. Ba4
b5 9. Bc2 e5 10. a4 Bb7 11. axb5 axb5 12. Rxa8 Bxa8 13. Na3 Qb6 14. Qe2 c4 15.
d3 cxd3 16. Bxd3 b4 17. Be3 Qb8 18. Nb5 d5 19. Nd2 Rd8 20. Bg5 h6 21. Bxf6 Bxf6
22. exd5 Rxd5 23. Bc4 Rd7 24. Ne4 Kg7 25. Qg4 Qd8 26. Nxf6 Kxf6 27. cxb4 Kg7
28. Qg3 f6 29. Qc3 Qf8 30. Ra1 Bb7 31. Be6 Rd8 32. Qc5 Qe8 33. Nc7 Qf8 34. Bc4
Qxc5 35. bxc5 Rd2 36. b3 f5 37. Kf1 Kf6 38. Ke1 Rb2 39. Ne8+ Kg5 40. Nd6 Nd8
41. Nxb7 Nxb7 42. c6 Nd6 43. c7 1-0

[Event "IX IBCA World Team Ch. for the Blind an"]
[Site "Ohrid, North Macedonia"]
[Date "2022.06.29"]
[Round "2.4"]
[White "Strete, Ciprian-Iulian"]
[Black "Wolanski, Michal"]
[Result "0-1"]
[WhiteElo "1763"]
[BlackElo "2005"]
[PlyCount "108"]
[EventDate "2022.06.28"]
[EventType "team"]
[EventRounds "7"]
[EventCountry "MKD"]
[WhiteTeam "Romania"]
[BlackTeam "Poland"]
[WhiteTeamCountry "ROU"]
[BlackTeamCountry "POL"]

1. d4 Nf6 2. c4 e6 3. Nc3 Bb4 4. Bg5 c5 5. Bxf6 Qxf6 6. e3 Nc6 7. Nf3 b6 8. Rc1
Bb7 9. d5 Bxc3+ 10. Rxc3 Ne7 11. e4 e5 12. g3 Nc8 13. Bg2 Nd6 14. Qc2 O-O 15.
O-O Qe7 16. Re3 Ba6 17. b3 b5 18. cxb5 Nxb5 19. Rfe1 Nd4 20. Qc3 d6 21. Bf1 Qb7
22. Nd2 Bxf1 23. Rxf1 f5 24. Qc4 f4 25. gxf4 Rxf4 26. Kg2 Raf8 27. Rg3 Qe7 28.
f3 Nf5 29. Qd3 Nxg3 30. hxg3 R4f6 31. Rh1 Rg6 32. Rh5 Qf6 33. Rh3 Rh6 34. Rxh6
Qxh6 35. Qe2 Qf6 36. Nc4 h5 37. Ne3 g6 38. Kf2 h4 39. Ng4 hxg3+ 40. Kxg3 Qf4+
41. Kg2 Rf7 42. Qe3 Kg7 43. Qf2 Qg5 44. Kg3 Rf8 45. Qe3 Qxe3 46. Nxe3 Kf6 47.
Kg4 Ke7 48. Ng2 Rh8 49. f4 Rh2 50. Kg3 Rxg2+ 51. Kxg2 exf4 52. Kf3 g5 53. a3
Kf6 54. Kg4 Ke5 0-1

[Event "IX IBCA World Team Ch. for the Blind an"]
[Site "Ohrid, North Macedonia"]
[Date "2022.06.30"]
[Round "3.1"]
[White "Pribeanu, Mihail-Dacian"]
[Black "Ymeri, Rinor"]
[Result "1-0"]
[WhiteElo "2175"]
[BlackElo "1603"]
[PlyCount "81"]
[EventDate "2022.06.28"]
[EventType "team"]
[EventRounds "7"]
[EventCountry "MKD"]
[WhiteTeam "Romania"]
[BlackTeam "Kosovo"]
[WhiteTeamCountry "ROU"]
[BlackTeamCountry "KOS"]

1. e4 e5 2. Nf3 Nc6 3. Bb5 a6 4. Ba4 Nf6 5. d3 d6 6. c3 b5 7. Bb3 Na5 8. Bc2 c5
9. O-O Be7 10. Nbd2 Bg4 11. h3 Bh5 12. Re1 O-O 13. Nf1 Nc6 14. Ng3 Bg6 15. Nh4
d5 16. Qe2 d4 17. Nhf5 Re8 18. h4 h5 19. Bg5 Ng4 20. Nxe7+ Nxe7 21. f3 Ne3 22.
Bxe3 dxe3 23. Qxe3 Qb6 24. f4 exf4 25. Qxf4 c4+ 26. d4 Nd5 27. exd5 Rxe1+ 28.
Rxe1 Bxc2 29. Nxh5 Qg6 30. Qg5 Qxg5 31. hxg5 Rd8 32. Nf4 a5 33. Re7 b4 34. Ra7
bxc3 35. bxc3 a4 36. Kf2 Rb8 37. d6 Kf8 38. Ke3 Rd8 39. Ra6 Rb8 40. d5 Ke8 41.
Kd4 1-0

[Event "IX IBCA World Team Ch. for the Blind an"]
[Site "Ohrid, North Macedonia"]
[Date "2022.06.30"]
[Round "3.2"]
[White "Gashi, Gani"]
[Black "Bratu, Gheorghe"]
[Result "1-0"]
[WhiteElo "1738"]
[BlackElo "1702"]
[PlyCount "90"]
[EventDate "2022.06.28"]
[EventType "team"]
[EventRounds "7"]
[EventCountry "MKD"]
[WhiteTeam "Kosovo"]
[BlackTeam "Romania"]
[WhiteTeamCountry "KOS"]
[BlackTeamCountry "ROU"]

1. e4 e5 2. Bc4 Nf6 3. d3 c6 4. Nf3 d5 5. exd5 cxd5 6. Bb3 Nc6 7. c3 Be7 8. O-O
O-O 9. Re1 Qc7 10. Bg5 Be6 11. Nbd2 Rfe8 12. Ba4 Nd7 13. Bxe7 Rxe7 14. Nf1 Rae8
15. Ne3 h6 16. h3 a6 17. Bb3 Nf6 18. Nh4 Qc8 19. Qf3 e4 20. dxe4 dxe4 21. Bxe6
Qxe6 22. Qf5 Qxf5 23. Nhxf5 Rd7 24. Rad1 Red8 25. Rxd7 Rxd7 26. Rd1 Rxd1+ 27.
Nxd1 Ne5 28. Nd6 b6 29. Nc8 Ned7 30. Ne3 Kf8 31. Nc4 b5 32. N4d6 g6 33. Kf1 Nc5
34. b4 Na4 35. c4 bxc4 36. Nxc4 Nc3 37. a3 Nfd5 38. N8d6 Ke7 39. Nb7 f5 40. Ke1
Nf4 41. Kd2 Nb5 42. Ne3 Ke6 43. h4 Nd5 44. Nc4 Ke7 45. Nc5 Kf6 1-0

[Event "IX IBCA World Team Ch. for the Blind an"]
[Site "Ohrid, North Macedonia"]
[Date "2022.06.30"]
[Round "3.3"]
[White "Dima, Mihai"]
[Black "Berisha, Xhafer"]
[Result "1-0"]
[WhiteElo "1981"]
[BlackElo "1440"]
[PlyCount "42"]
[EventDate "2022.06.28"]
[EventType "team"]
[EventRounds "7"]
[EventCountry "MKD"]
[WhiteTeam "Romania"]
[BlackTeam "Kosovo"]
[WhiteTeamCountry "ROU"]
[BlackTeamCountry "KOS"]

1. e4 e5 2. Bc4 Nc6 3. Nf3 a6 4. O-O Bc5 5. c3 Nf6 6. d4 Ba7 7. dxe5 Nxe5 8.
Nxe5 Nxe4 9. Qf3 Qh4 10. g3 Bxf2+ 11. Rxf2 Ng5 12. gxh4 Nxf3+ 13. Rxf3 f6 14.
Nf7 d6 15. Nxh8 Bd7 16. Nf7 Bg4 17. Rg3 h5 18. Bf4 Kd7 19. Nd2 Re8 20. h3 Be2
21. Rxg7 Kc8 1-0

[Event "IX IBCA World Team Ch. for the Blind an"]
[Site "Ohrid, North Macedonia"]
[Date "2022.06.30"]
[Round "3.4"]
[White "Kastrati, Shaip"]
[Black "Strete, Ciprian-Iulian"]
[Result "1-0"]
[WhiteElo "1475"]
[BlackElo "1763"]
[PlyCount "95"]
[EventDate "2022.06.28"]
[EventType "team"]
[EventRounds "7"]
[EventCountry "MKD"]
[WhiteTeam "Kosovo"]
[BlackTeam "Romania"]
[WhiteTeamCountry "KOS"]
[BlackTeamCountry "ROU"]

1. e4 c5 2. Nf3 Nc6 3. c3 e5 4. Bc4 Be7 5. O-O Nf6 6. Re1 O-O 7. d4 cxd4 8.
cxd4 exd4 9. Nxd4 d6 10. Nc3 Ne5 11. Bb3 Bg4 12. f3 Bh5 13. Nf5 a6 14. Bg5 h6
15. Bh4 Rc8 16. Re3 Re8 17. Nxe7+ Rxe7 18. Qe1 g5 19. Bg3 Rd7 20. Nd5 Kg7 21.
h3 Nxd5 22. exd5 f6 23. Qb4 Bf7 24. f4 Ng6 25. Rae1 Qc7 26. Qd4 Qc5 27. Qxc5
Rxc5 28. fxg5 hxg5 29. Rd1 Ne7 30. Rxe7 Rxe7 31. Bxd6 Rcc7 32. Bxc7 Rxc7 33.
Kf2 Rd7 34. Rd4 f5 35. Ke3 Kf6 36. g4 f4+ 37. Kf3 Ke5 38. Re4+ Kd6 39. Rd4 Re7
40. Re4 Rc7 41. h4 gxh4 42. Kxf4 Rc5 43. Rd4 Bxd5 44. g5 Ke6 45. Bxd5+ Rxd5 46.
Rxd5 Kxd5 47. Kg4 h3 48. Kxh3 1-0

[Event "IX IBCA World Team Ch. for the Blind an"]
[Site "Ohrid, North Macedonia"]
[Date "2022.06.30"]
[Round "3.1"]
[White "Kolpakov, Vladyslav"]
[Black "Tazbir, Marcin"]
[Result "0-1"]
[WhiteElo "2258"]
[BlackElo "2506"]
[PlyCount "60"]
[EventDate "2022.06.28"]
[EventType "team"]
[EventRounds "7"]
[EventCountry "MKD"]
[WhiteTeam "Ukraine"]
[BlackTeam "Poland"]
[WhiteTeamCountry "UKR"]
[BlackTeamCountry "POL"]

1. e4 c6 2. d4 d5 3. e5 Bf5 4. h4 Qb6 5. g4 Bd7 6. h5 e6 7. f4 c5 8. c3 Nc6 9.
Nf3 Nh6 10. Bh3 Rc8 11. Rh2 cxd4 12. cxd4 Nxd4 13. Nxd4 Rxc1 14. Qxc1 Qxd4 15.
Qd2 Bb4 16. Nc3 Qg1+ 17. Bf1 Qg3+ 18. Kd1 Nxg4 19. Re2 Bc5 20. Kc2 Ne3+ 21. Kb3
Qxf4 22. Rxe3 Qxe3 23. Qg2 Qxe5 24. Bd3 f5 25. Rd1 O-O 26. Kc2 Bc6 27. Qf1 Be3
28. Kb1 d4 29. Ne2 Be4 30. Nc1 Bxc1 0-1